000 00624nam a22001937a 4500
005 20230523072628.0
008 221125b |||||||| |||| 00| 0 eng d
020 _a981-4126-98-5
082 _a333.7 B749 2003
100 _aBotkin, Daniel B.
_eauthor
245 _aEnvironmental sciences:
_bearth as a living planet /
_cDaniel B. Botkin, Edward A. Keller
250 _a4th ed.
260 _aNew Jersey:
_bJohn Wiley,
_cc2003.
300 _axxvii, [722]p.;
_bill.
504 _aIncludes index
541 _e618 c.1, 619 c.2, 620 c.3, 1288 c.4
650 _aEnvironmental sciences
700 _aKeller, Edward A.
_eauthor
999 _c276
_d276